Hidrometalurgia de metales comunes

সংরক্ষণ করুন:
গ্রন্থ-পঞ্জীর বিবরন
প্রধান লেখক: Van Arsdale, George D (Author)
বিন্যাস: গ্রন্থ
ভাষা:স্প্যানিশ
প্রকাশিত: Ciudad de México UTEHA 1965
বিষয়গুলি:
ট্যাগগুলো: ট্যাগ যুক্ত করুন
কোনো ট্যাগ নেই, প্রথমজন হিসাবে ট্যাগ করুন!

MARC

LEADER 00000nam a2200000 a 4500
001 UCP2317
003 CL-VaPUC
008 990514e19650000MX |||||||||||||||||spa|d
082 0 4 |a 669.0283  |b VAN  |2 21 
100 0 |a Van Arsdale, George D  |e author  |9 428966 
245 1 0 |a Hidrometalurgia de metales comunes 
300 |a 381 p 
942 |c BK 
945 |d 19990514 00:00:00  |a cmena 
260 |a Ciudad de México  |b UTEHA  |c 1965 
650 0 |a Metalurgia  |9 263720 
650 0 |a Lixiviación  |9 396154 
650 0 |a Hidrometalurgia  |9 352265 
650 0 |a Cobre  |9 255767 
650 0 |a Industria metalúrgica  |9 364008 
583 |a last modification  |c 19990514 00:00:00  |k Rodrigo Vera 
999 |c 280868  |d 280866